000 01220nas a2200313 4500
001 BR8001555
003 BR-BrBNA
005 20231205084236.0
007 ta
008 230509b bl.|||p| |||| 00| 00por d
040 _aBR-BrBNA
_bpor
_cBiblioteca Nacional de Agricultura
041 _a(Pt)
072 _aF00; F25; F60
100 1 _aPimentel, D.M.
100 1 _aMarkus, R.
100 1 _aJacques, A.V.A.
245 1 _aEfeitos da intensidade, frequencia de cortes e nitrogenio sobre os rendimentos de materia seca e proteina bruta de Panicum maximum Jacq. cv. Gatton (capim coloniao)
_bParte de tese
246 1 _a[Effects of intensity, frequency of cutting and nitrogen on the dry matter yield and crude protein of Panicum maximum Jacq. cv. Gatton (Gatton panic)]
_b[Part of thesis]
650 _aProducao vegetal
650 _aFertilidade do solo
650 _aFisiologia vegetal
650 _aNutricao vegetal
650 _aCapim coloniao
650 _aFertilizante nitrogenado
650 _aCrescimento
773 0 _tRevista da Sociedade Brasileira de Zootecnia (Brazil)
_xISSN 0100-4859
_g(1979), v. 8(4) p. 631-641
_wBR8001555
909 _a202311
_bLúcia
_c55
_dLúcia Elande
942 _2AGRIS
_n0
_cANA
999 _c103975
_d103975